000 00183 a2200097 4500
020 _a9780822531807
041 _aspa
100 _aRobin Nelson
245 _aSer responsable
942 _cBK
999 _c6074
_d6074